000 02465cam a2200301 i 4500
001 126410
005 20230410105559.0
008 170828s2009 ag 000 0 spa d
020 _a9789500730419
041 _aspa
050 1 4 _aHD 1862
_bB282h 2009
082 0 0 _a333.0982
100 1 _aBarsky, Osvaldo,
_d1943-
245 1 0 _aHistoria del agro argentino :
_bdesde la conquista hasta comienzos del siglo XXI /
_cOsvaldo Barsky, Jorge Gelman
250 _a3a ed.
260 _aBuenos Aires :
_bEditorial Sudamericana,
_c2009
300 _a579 p. :
_bill.;
_c23 cm
490 1 _aHistoria argentina
520 _aA pesar de la importancia que tiene el agro en la sociedad argentina, han sido escasos los intentos de indagar en su evolución a lo largo de la historia. Este libro construye una síntesis del desarrollo rural de todo el país: comienza con el análisis de las comunidades indígenas y continúa con la construcción del mundo agrícola colonial, la conformación de las nuevas economías agrarias a partir de la independencia, la expansión ganadera en la primera mitad del siglo XIX y el crecimiento de distintas economías regionales. El estudio avanza sobre el notable desarrollo del agro pampeano y el auge de la producción azucarera del noroeste y vitivinícola de Cuyo, así como las de otras sociedades del interior. Asimismo, son analizados los efectos de la Primera Guerra Mundial y de la crisis internacional de los años 30 en las políticas y las dinámicas agrarias. La caída de la producción agrícola pampeana y los cambios sociales desatados en esta región en el contexto de la Segunda Guerra Mundial, y el posterior período de recuperación, junto a los avances de las producciones regionales se presentan detalladamente. Finalmente, el impacto de las medidas macroeconómicas en la reorganización del ámbito rural en las últimas décadas, incluido el conflicto por el excedente agrario que sacudió al país en 2008, cierra este libro en el que los autores ofrecen una visión completa y profunda de un sector decisivo en el pasado y presente de la Argentina.
650 0 _aAgriculture
_xEconomic aspects
_zArgentina
_xHistory.
650 0 _aAgriculture
_zArgentina
_xHistory.
650 4 _aAgricultura
_xHistoria
_zArgentina.
650 4 _aAgricultura
_xAspectos económicos
_zArgentina.
650 4 _aReforma agraria
_zArgentina.
700 1 _aGelman, Jorge
942 _2lcc
_cbk
946 _adpf
999 _c39632
_d39632